Impact of Covid-19 on Indian Economy/ (Record no. 190900)

MARC details
000 -LEADER
fixed length control field 00605nam a22001817a 4500
005 - DATE AND TIME OF LATEST TRANSACTION
control field 20220810153616.0
010 ## - LCCN (DPL NO)
LC control number ENG-134370
020 ## - INTERNATIONAL STANDARD BOOK NUMBER
International Standard Book Number 978-93-90631-62-9
Terms of availability 575.00
035 ## - SYSTEM CONTROL NUMBER
System control number EN-117902
037 ## - SOURCE OF ACQUISITION
Source of stock number/acquisition DBAD/PUB
082 ## - DEWEY DECIMAL CLASSIFICATION NUMBER
Classification number 320.55
245 ## - TITLE STATEMENT
Title Impact of Covid-19 on Indian Economy/
Statement of responsibility, etc edited by Vandana Samba at all
260 ## - PUBLICATION, DISTRIBUTION, ETC. (IMPRINT)
Place of publication, distribution, etc Hyderabad
Name of publisher, distributor, etc Paramount Publishing House
Date of publication, distribution, etc 2021
270 ## - ADDRESS
Address A-531,H.No.4-32-521, Phase-1, Allwyn Colony, Kukatpally
City Hyderakbad
Postal code 500072
Telephone number 7799000082
300 ## - PHYSICAL DESCRIPTION
Extent xvi,168p.
Dimensions 24cm(pb)
700 ## - ADDED ENTRY--PERSONAL NAME
Personal name Vandana Samba
942 ## - ADDED ENTRY ELEMENTS (KOHA)
Source of classification or shelving scheme Dewey Decimal Classification
Item type English Books
Classification part 330.9052
Call number suffix IMP
Holdings
Withdrawn status Lost status Not for loan Collection code Home library Current library Date acquired Source of acquisition Cost, normal purchase price Full call number Barcode Copy number Cost, replacement price Koha item type
      Non-fiction Bawana Bawana 10/08/2022 DBAD/PUB 575.00 330.9052 IMP EN-117902 1 575.00 English Books

© Delhi Public Library
Hit Counter
free hit counter